Škoda, preškoda (že sme poistku nemali)

Poistky, ktoré podnikateľ správne vyberie a nastaví, mu môžu uľahčiť život. Poistenie zodpovednosti za škodu. Poistenie za škodu spôsobenú členmi orgánov spoločnosti (D&O). Životné poistenie podnikateľov. Poistenie majetku a automobilov. Niektoré špecifické druhy poistení pre podnikateľov.

Gespeichert in:
Bibliographische Detailangaben
1. Verfasser: Ďurianová, Marta
Format: Buchkapitel
Sprache:Slowakisch
Schlagworte:
Tags: Tag hinzufügen
Keine Tags, Fügen Sie das erste Tag hinzu!

MARC

LEADER 00000naa a2200000 4500
001 0136927
005 20231009104448.4
041 0 |a slo 
044 |a SK 
245 1 0 |a Škoda, preškoda (že sme poistku nemali)  |c Marta Ďurianová 
520 |a Poistky, ktoré podnikateľ správne vyberie a nastaví, mu môžu uľahčiť život. Poistenie zodpovednosti za škodu. Poistenie za škodu spôsobenú členmi orgánov spoločnosti (D&O). Životné poistenie podnikateľov. Poistenie majetku a automobilov. Niektoré špecifické druhy poistení pre podnikateľov. 
610 2 0 |a poistenie 
610 2 0 |a podnikatelia 
610 2 0 |a podnikanie 
610 2 0 |a zodpovednosť za škody 
610 2 0 |a poistenie životné 
610 2 0 |a poistenie majetku 
610 2 0 |a poistenie vozidiel motorových 
100 1 |a Ďurianová, Marta